000 00398 a2200145 4500
005 20250628081040.0
020 _a0-7668-0699-5
082 _a338.473621 FEL,
100 _aFELDSTEIN, P.J.
245 _aHealth Cre Economics,
250 _a5th Ed,
260 _aNew York,
_bInternational Thomson Publishing,
_c1999.
300 _axxi.;627p: ill,; figure,
_bGlossary & Index.
_c24cm.
942 _2ddc
_cBKS
999 _c5871
_d5871